Name the Pixar Character by Picture - Statistics

General Stats
  • This quiz has been taken 25 times
  • The average score is 12 of 16
Answer Stats
Picture Answer % Correct
Nemo
100%
Buzz Lightyear
86%
Dory
86%
Jessie
86%
Wall E
86%
Lightning McQueen
82%
Woody
77%
Merida
73%
Mr Incredible
73%
Sadness
73%
Coco
68%
Elastigirl
68%
Mike Wazowski
68%
Mater
59%
Syndrome
55%
James P. Sullivan
45%
No matching quizzes found
Score Distribution
Percent of People with Each Score
Percentile by Number Answered
Your Score History
You have not taken this quiz